000 00614nam a22001697a 4500
999 _c12165
_d12165
003 AR-CdUCM
008 190408b ||||| |||| 00| 0 spa d
040 _aMUNICIPALIDAD PROVINCIAL DEL CUSCO
_cBIBLIOTECA MUNICIPAL DEL CUSCO
082 _aC / 261 /
_bC1
110 _aConmemoración del centenario de la independencia del Perú
_929883
245 _aPrimer congreso interdiocesano de acción social :
_bcelebrado en la ciudad del Cuzco /
260 _aCuzco :
_bAmericana,
_c1922.
300 _a416 + 75 páginas ;
_c21 cm.
650 _aAcción social.
_929884
942 _2ddc
_cLIBROS
945 _awfj
_d2019-04-08